A Digest Of Law and Arbitration Cases

Bibliographic Details
Format: Book
Published: London : The Estates Gazette Ltd , 1932
Subjects:

MARC

LEADER 00000cam a2200000 7i4500
001 0000008330
005 20160927.0
040 |a INS 
090 0 0 |a KD825.3   |b E88 1932 
245 1 2 |a A Digest Of Law and Arbitration Cases 
246 1 |a Binder's title   |a Estate gazette. Digest of cases 
260 |a London :   |b The Estates Gazette Ltd ,   |c 1932 
300 |a 31 v. ;   |c 22cm. 
310 |a Annual 
362 0 |a 1902 - 1932 
500 |a "The cases reported...have appearedin"the Estate gazette.. 
650 0 |a Arbitration (administrative law)   |z Great Britain   |v Cases 
650 0 |a Real property   |z Great Britain   |v Cases 
999 |a 0000023797   |b BOOK   |c Open Shelf   |e Default branch